书目信息 |
| 题名: |
中国五保养老保障研究
|
|
| 作者: | 吴晓林 著 | |
| 分册: | ||
| 出版信息: | 北京 中国社会科学出版社 2013 |
|
| 页数: | 266页 | |
| 开本: | 24cm | |
| 丛书名: | 地方治理与社会管理创新丛书 | |
| 单 册: | ||
| 中图分类: | F323.89 , D632.1 | |
| 科图分类: | ||
| 主题词: | 五保制度--研究--中国 , 五保制度 | |
| 电子资源: | ||
| ISBN: | 978-7-5161-3257-9 | |
| 000 | 01494nam0 2200301 450 | |
| 001 | 519 | |
| 005 | 20140909094149.39 | |
| 010 | @a978-7-5161-3257-9@dCNY48.00 | |
| 100 | @a20131223d2013 kemy0chiy50 ea | |
| 101 | 0 | @achi |
| 102 | @aCN@b110000 | |
| 105 | @ay v 000yy | |
| 106 | @ar | |
| 200 | 1 | @a中国五保养老保障研究@AZhong Guo Wu Bao Yang Lao Bao Zhang Yan Jiu@e制度沿革、权利保护与策略选择@EZhi Du Yan Ge、 Quan Li Bao Hu Yu Ce Lue Xuan Ze@dThe social security for five-guarantees in China@epolicy evolutions, protection of rights and future countermeasures@f吴晓林著@FWu Xiao Lin Zhu@zeng |
| 210 | @a北京@c中国社会科学出版社@d2013 | |
| 215 | @a266页@d24cm | |
| 225 | 2 | @a地方治理与社会管理创新丛书 |
| 300 | @a中南大学升华猎英学者计划项目、湖南省第16届优秀社会科学学术著作出版项目、湖南省十二五重点学科建设(公共管理)项目资助 | |
| 330 | @a本书阐述了老龄化背景中“五保养老”的现实与研究进路、中国五保养老制度的历史变迁和发展方向、五保老人的生存脆弱性与保障差异性、五保老人的“脆弱性”特质何以形成、集中供养模式的适用性分析、五保老人构建有效的社会资本网络等内容。 | |
| 461 | 0 | @12001 @a地方治理与社会管理创新丛书 |
| 510 | 1 | @aSocial security for five-guarantees in China@epolicy evolutions, protection of rights and future countermeasures@zeng |
| 606 | 0 | @a五保制度@x研究@y中国 |
| 606 | 0 | @a五保制度 |
| 690 | @aF323.89@v5 | |
| 690 | @aD632.1@v5 | |
| 701 | 0 | @a吴晓林@AWu Xiao Lin@f(1982~)@4著 |
| 801 | 0 | @aCN@bTANGWEI@c20140603 |
| 905 | @b0839014-16@dF323.89@e153@f3 | |
| 中国五保养老保障研究:制度沿革、权利保护与策略选择=The social security for five-guarantees in China:policy evolutions, protection of rights and future countermeasures/吴晓林著.-北京:中国社会科学出版社,2013 |
| 266页;24cm.-(地方治理与社会管理创新丛书) |
| 中南大学升华猎英学者计划项目、湖南省第16届优秀社会科学学术著作出版项目、湖南省十二五重点学科建设(公共管理)项目资助 |
| ISBN 978-7-5161-3257-9:CNY48.00 |
| 本书阐述了老龄化背景中“五保养老”的现实与研究进路、中国五保养老制度的历史变迁和发展方向、五保老人的生存脆弱性与保障差异性、五保老人的“脆弱性”特质何以形成、集中供养模式的适用性分析、五保老人构建有效的社会资本网络等内容。 |
| ● |
| 相关链接 |
|
|
|
|
正题名:中国五保养老保障研究
索取号:F323.89/153
 
预约/预借
| 序号 | 登录号 | 条形码 | 馆藏地/架位号 | 状态 | 备注 |
| 1 | 0839014 | 208390141 | 第一样本阅览室/ [索取号:F323.89/153] | 在馆 | |
| 2 | 0839015 | 208390150 | 密集书库-海洋学院/ [索取号:F323.89/153] | 在馆 | |
| 3 | 0839016 | 208390169 | 第一借阅区/ [索取号:F323.89/153] | 在馆 |